Evolutionary Acquisition and Spiral Development in DOD Programs : Policy Issues for Congress.

Describes the origins, process, and goals of evolutionary acquisition with spiral development (EA/SD), a new approach adopted by DOD for developing major weapon systems. Reviews Nov. 2003 GAO report and assessment of DOD policies and regulations for implementing EA/SD; and discusses potential oversi...

Full description

Bibliographic Details
Corporate Authors: Library of Congress. Congressional Research Service, ProQuest (Firm)
Format: eBook
Language:English
Published: [Place of publication not identified] : [publisher not identified], 2006.
Series:U.S. Congressional Research.
Subjects:
Online Access:Connect to the full text of this electronic book

MARC

Tag First Indicator Second Indicator Subfields
LEADER 00000cam a22000001a 4500
001 in00003333751
006 m d f
007 cr bn mmmapmmp
008 101207s2006 dcu o f000 0 eng d
005 20260430214412.4
035 |a cis2007855578 
040 |a ProQuest  |c ProQuest  |d UtOrBLW 
043 |a n-us--- 
099 |a CRS-2006-FDT-1704 
110 2 |a Library of Congress.  |b Congressional Research Service. 
245 1 0 |a Evolutionary Acquisition and Spiral Development in DOD Programs :  |b Policy Issues for Congress. 
264 1 |a [Place of publication not identified] :  |b [publisher not identified],  |c 2006. 
300 |a 1 online resource. 
336 |a text  |b txt  |2 rdacontent 
337 |a computer  |b c  |2 rdamedia 
338 |a online resource  |b cr  |2 rdacarrier 
500 |a Record is based on bibliographic data in ProQuest U.S. Congressional Research Digital Collection (last viewed Dec. 2010). Reuse except for individual research requires license from ProQuest, LLC. 
500 |a CRS Report. 
520 |a Describes the origins, process, and goals of evolutionary acquisition with spiral development (EA/SD), a new approach adopted by DOD for developing major weapon systems. Reviews Nov. 2003 GAO report and assessment of DOD policies and regulations for implementing EA/SD; and discusses potential oversight issues for Congress and related legislative activity. 
500 |a Electronic resource. 
650 0 |a Defense contracts. 
650 0 |a Military weapons. 
655 7 |a Electronic books.  |2 local 
710 2 |a ProQuest (Firm) 
776 0 8 |i Microfiche version:   |a Library of Congress. Congressional Research Service.  |t Evolutionary Acquisition and Spiral Development in DOD Programs 
830 0 |a U.S. Congressional Research. 
856 4 0 |u http://proxy.library.tamu.edu/login?url=https://congressional.proquest.com/congcomp/getdoc?CRDC-ID=CRS-2006-FDT-1704  |z Connect to the full text of this electronic book  |t 0 
999 |a MARS 
999 f f |s c2c4c758-9070-3970-a287-3d3e5b298f1f  |i c7075fb5-df0d-3b90-ba63-eba6ab49be63  |t 0 
952 f f |a Texas A&M University  |b College Station  |c Electronic Resources  |s www_evans  |d Available Online  |t 0  |e CRS-2006-FDT-1704  |h Other scheme 
998 f f |a CRS-2006-FDT-1704  |t 0  |l Available Online